Industrial instrument servicing handbook /

Guardado en:
Autor Principal: Carroll, Grady C.
Formato: Libro
Idioma:English
Publicado: New York : McGraw-Hill, 1960.
Edición:1st ed.
Series:McGraw-Hill handbooks
Materias:
Etiquetas: Agregar Etiqueta
Sin Etiquetas, Sea el primero en etiquetar este registro!
LEADER 00968nam a22002655a 4500
001 EIQ.libpla001776
008 701120s1960####nyuao####f####001#0#eng#d
005 20061227164956.0
245 1 0 |a Industrial instrument servicing handbook /  |c Grady C. Carroll. 
250 |a 1st ed. 
260 |a New York :  |b McGraw-Hill,  |c 1960. 
300 |a 1 v. (en varias paginaciones) :  |b il., fotos ;  |c 24 cm. 
440 0 |a McGraw-Hill handbooks 
500 |a Incluye índice. 
100 1 |a Carroll, Grady C. 
082 0 0 |a 620.78 
650 4 |a Instrumentos de ingeniería  |x Handbooks, manuales, etc. 
650 4 |a Instrumentos de ingeniería  |x Mantenimiento. 
650 4 |a Instrumentos de ingeniería  |x Reparación. 
650 4 |a Engineering instruments  |x Handbooks, manuals, etc. 
650 4 |a Engineering instruments  |x Maintenance 
650 4 |a Engineering instruments  |x Repair. 
010 |a  59008532  
040 |a DLC  |c DLC  |d AR-BbSID 
859 |a AR-BbSID  |b BIB. PLAPIQUI  |h 629.8  |i C 236  |k R  |p 844